Film con maggiori incassi nel 2022 - Statistics

Statistiche generali
  • Questo quiz è stato fatto 10 volte
  • Il punteggio medio è 3 su 10
Statistiche sulle risposte
Incasso ($) Film % Corretto
2 320 250 281 Avatar - La via dell'acqua
89%
955 775 804 Doctor Strange nel Multiverso della Follia
67%
859 208 836 Black Panther: Wakanda Forever
44%
760 928 081 Thor: Love and Thunder
44%
1 001 978 080 Jurassic World - Il dominio
33%
772 245 583 The Batman
33%
1 495 696 292 Top Gun: Maverick
22%
939 628 210 Minions 2 - Come Gru diventa cattivissimo
11%
481 079 705 Il gatto con gli stivali 2 - L'ultimo desiderio
0%
626 574 697 The Battle at Lake Changjin II
0%
Nessun quiz corrispondente trovato
Distribuzione punteggi
Percentuale di utenti per punteggio
Percentile per numero di risposta
I tuoi punteggi nel tempo
Non hai fatto questo quiz